000 00408nam a2200121 a 4500
008 120416s1966 xx |||||||||||||| || u
050 _aTS 230 Bee
100 _aBeeley, Peter Reaney
245 1 0 _aFoundry technology
260 _c1966
350 _a0.00
995 _D0.00
_FCBU-MAIN LIBRARY (Kitwe)
_H1
_I10.00
_UAVAILABLE
_ZMain Library Open Access Collection
999 _c43921
_d43921